5HLuxD.jpg

KING HENRY VIII SENIOR AND PRIMARY SCHOOL LIBRARY OPAC

Evil librarian / (Record no. 1181)

000 -LEADER
fixed length control field 01832nam a2200313 i 4500
001 - CONTROL NUMBER
control field 020293598
003 - CONTROL NUMBER IDENTIFIER
control field UkOxU
005 - DATE AND TIME OF LATEST TRANSACTION
control field 20220805143746.0
008 - FIXED-LENGTH DATA ELEMENTS--GENERAL INFORMATION
fixed length control field 150323r20152014enk d 000 f eng c
020 ## - INTERNATIONAL STANDARD BOOK NUMBER
International Standard Book Number 9781406358995
Qualifying information paperback
040 ## - CATALOGING SOURCE
Original cataloging agency UkOxU
Language of cataloging eng
Description conventions rda
Transcribing agency UkOxU
Modifying agency KH8
042 ## - AUTHENTICATION CODE
Authentication code ukscp
082 ## - DEWEY DECIMAL CLASSIFICATION NUMBER
Classification number FIC KNU
100 1# - MAIN ENTRY--PERSONAL NAME
Personal name Knudsen, Michelle,
Relator term author.
245 10 - TITLE STATEMENT
Title Evil librarian /
Statement of responsibility, etc. Michelle Knudsen.
264 #1 - PRODUCTION, PUBLICATION, DISTRIBUTION, MANUFACTURE, AND COPYRIGHT NOTICE
Place of production, publication, distribution, manufacture London :
Name of producer, publisher, distributor, manufacturer Walker Books,
Date of production, publication, distribution, manufacture, or copyright notice 2015.
264 #4 - PRODUCTION, PUBLICATION, DISTRIBUTION, MANUFACTURE, AND COPYRIGHT NOTICE
Date of production, publication, distribution, manufacture, or copyright notice ©2014
300 ## - PHYSICAL DESCRIPTION
Extent 348 pages ;
Dimensions 20 cm
336 ## - CONTENT TYPE
Content type term text
Source rdacontent
337 ## - MEDIA TYPE
Media type term unmediated
Source rdamedia
338 ## - CARRIER TYPE
Carrier type term volume
Source rdacarrier
440 ## - SERIES STATEMENT/ADDED ENTRY--TITLE
Title Evil librarian ;
Number of part/section of a work bk 1.
500 ## - GENERAL NOTE
General note First published: Somerville, Massachusetts : Candlewick Press, 2014.
520 ## - SUMMARY, ETC.
Summary, etc. Buffy the Vampire Slayer meets Glee! in this darkly comic story. Perfect for fans of Point Horror and R. L. Stine, as well as readers who like their horror and romance with a light-hearted touch. When Cynthia Rothschild’s best friend, Annie, falls head over heels for the new high-school librarian, Cyn can totally see why; he’s really young and very good-looking. But after meeting Mr Gabriel, Cyn realizes something isn’t quite right. Maybe it’s the creepy look in the librarian’s eyes or the weird feeling Cyn gets whenever she’s around him. Before long Cyn realizes that Mr Gabriel is, in fact ... a demon. Now, in addition to saving the school production of Sweeney Todd from technical disaster and trying not to make a fool of herself with her own hopeless crush, Cyn has to save her best friend from the clutches of the evil librarian, who also seems to be slowly sucking the life force out of the entire student body!
650 #0 - SUBJECT ADDED ENTRY--TOPICAL TERM
Topical term or geographic name entry element Librarians
Form subdivision Juvenile fiction.
650 #0 - SUBJECT ADDED ENTRY--TOPICAL TERM
Topical term or geographic name entry element Demonology
Form subdivision Juvenile fiction.
650 #0 - SUBJECT ADDED ENTRY--TOPICAL TERM
Topical term or geographic name entry element Vampire
942 ## - ADDED ENTRY ELEMENTS (KOHA)
Source of classification or shelving scheme
Koha item type Books - Fiction
Holdings
Withdrawn status Lost status Source of classification or shelving scheme Damaged status Not for loan Collection code Permanent Location Current Location Shelving location Date acquired Total Checkouts Total Renewals Full call number Barcode Date last seen Date last checked out Price effective from Koha item type
          Fiction KH8 Senior School Library KH8 Senior School Library Fiction 2022-08-05 4 1 FIC KNU 3KHSL000101879 2025-05-15 2025-05-08 2022-08-05 Books - Fiction

Powered By KH8 IT Dept